000 00514nam a2200181Ia 4500
005 20250508153228.0
008 008 250505s9999 xx 000 0 eng d
037 _aTextual
040 _aFEDL
_beng
_cFEDL
041 _aeng
_2eng
084 _a370.11, WOR
_qFEDL
245 0 _aYouth in India today
260 _aBombay, India
_bAllied Publishers Private Limited
_c1963
300 _a231p.
650 _aEdcuation-Philosophy
_9757771
942 _cTEXL
_h370.11, WOR
999 _c1341395
_d1341395